| 000 | 01123cam a2200301 i 4500 | ||
|---|---|---|---|
| 999 |
_c200442470 _d60682 |
||
| 003 | TR-AnTOB | ||
| 005 | 20220425155711.0 | ||
| 007 | ta | ||
| 008 | 810407s1971 tu a b 000 0 tur | ||
| 040 |
_aDLC _beng _erda _cDLC _dDLC _dTR-AnTOB |
||
| 041 | 0 | _atur | |
| 050 | 0 | 4 |
_aHD2963 _b.U94 1971 |
| 090 |
_aHD2963 _b.U94 1971 |
||
| 100 | 1 |
_aUzel, Celâl _9131775 |
|
| 245 | 1 | 0 |
_aTüketicinin sorunları ve kooperatifçilik : _btüketicinin sorunları, basından örnekler, tüketim kooperatifleri tip anasözleşmesi, 1163 sayılı Kooperatifler kanunu, Uluslararası Çalışma Teşkilatının 127 sayılı bildirisi / _cyazan Celâl Uzel. |
| 264 | 1 |
_a[Ankara : _bs.n.], _c1971. |
|
| 300 |
_a212 pages : _billustration ; _c20 cm |
||
| 336 |
_2rdacontent _atext _btxt |
||
| 337 |
_2rdamedia _aunmediated _bn |
||
| 338 |
_2rdacarrier _avolume _bnc |
||
| 500 | _aAt head of title: Tüketicinin kitabı. | ||
| 650 | 7 |
_aKooperatifler _2etuturkob _9104580 |
|
| 650 | 7 |
_aKooperatifler _zTürkiye _2etuturkob _952047 |
|
| 740 | 0 | _aTüketicinin kitabı. | |
| 942 |
_2lcc _cBK |
||